| Tag |
First Indicator |
Second Indicator |
Subfields |
| LEADER |
00000cam a2200000 a 4500 |
| 001 |
in00000073469 |
| 005 |
20151008053505.0 |
| 008 |
790608s1979 dcu b f00010 eng d |
| 020 |
|
|
|a 0877662517
|
| 035 |
|
|
|a (OCoLC)05047762
|
| 035 |
|
|
|9 AAH7608AM
|
| 040 |
|
|
|a HOU
|c HOU
|d m.c.
|d OCL
|d TXA
|d UtOrBLW
|
| 043 |
|
|
|a n-us---
|
| 049 |
|
|
|a TXAM
|c [1481750]
|
| 090 |
|
|
|a HD7293
|b .P422
|
| 100 |
1 |
|
|a Peterson, George E.
|
| 245 |
1 |
0 |
|a Tax exempt financing of housing investment /
|c George E. Peterson with Brian Cooper.
|
| 264 |
|
1 |
|a Washington, D.C. :
|b Urban Institute,
|c 1979.
|
| 300 |
|
|
|a xviii, 196 pages ;
|c 28 cm.
|
| 336 |
|
|
|a text
|b txt
|2 rdacontent
|
| 337 |
|
|
|a unmediated
|b n
|2 rdamedia
|
| 338 |
|
|
|a volume
|b nc
|2 rdacarrier
|
| 490 |
1 |
|
|a Urban Institute paper on public finance
|
| 500 |
|
|
|a Research supported by U.S. Dept. of Housing and Urban Development, Office of Policy Development and Research, contract H-2162.
|
| 504 |
|
|
|a Includes bibliographical references.
|
| 650 |
|
0 |
|a Housing
|z United States
|x Finance.
|
| 650 |
|
0 |
|a Mortgage bonds
|z United States.
|
| 700 |
1 |
|
|a Cooper, Brian.
|
| 710 |
1 |
|
|a United States.
|b Department of Housing and Urban Development.
|b Office of Policy Development and Research.
|
| 710 |
2 |
|
|a Urban Institute.
|
| 830 |
|
0 |
|a Urban Institute paper on public finance.
|
| 999 |
|
|
|a MARS
|
| 999 |
f |
f |
|s 26c5981d-e9e9-37c1-a794-baab31379869
|i cb0c4f0f-178d-329b-a63e-50dd6d98bbc1
|t 0
|
| 952 |
f |
f |
|p ric
|a Texas A&M University
|b Rellis Campus
|c Joint Library Facility
|d Remote Storage
|t 0
|e HD7293 .P422
|h Library of Congress classification
|i unmediated -- volume
|m A14806129590
|
| 998 |
f |
f |
|a HD7293 .P422
|t 0
|l Remote Storage
|